000 00621nam a2200181 i 4500
001 89901
003 ES-MaACL
005 20230906180311.0
007 t|
008 050117s1954 sp ||||1| spa d
100 1 _aLatour, Antoine de (
_d1808-1881)
_9128733
245 1 0 _aViaje por Andalucía /
_cde Antonio de Latour (1848) ; traducido por Ana María Custodio ; prólogo de Felipe Maldonado.
260 _aValencia :
_bCastalia,
_c1954 (
_fTip. Moderna)
300 _a126 p., 1 lám. ;
_c24 cm.
700 1 _aCustodio, Ana María.
_942280
700 1 _aMaldonado, Felipe.
_975708
852 _aES-MaACL
_jC-8348
_bR.36579
999 _c89901
_d89901